| 000 | 00877cam a2200229 i 4500 | ||
|---|---|---|---|
| 005 | 20251108165849.0 | ||
| 008 | 250721s2000 ua a gr 000 0 ara d | ||
| 020 | _a9772821028 | ||
| 041 | 1 |
_aara _heng |
|
| 082 | 1 | 4 |
_a005.12 _bه ي و |
| 100 | 1 |
_aهيوبارد، جون _eمؤلف. |
|
| 240 | 1 | 0 | _aProgramming with ++C. |
| 245 | 1 | 0 |
_aالبرمجة بإستخدام ++ c : _bمنهج دراس مكثف / _cتأليف جون هيوبارد ؛ ترجمة محمد ابراهيم العدوي. |
| 264 | 1 |
_aالقاهرة : _bالدار الدولية للإستثمارات، _c2001. |
|
| 300 | _aملخصات شو ايزي. | ||
| 650 | 1 | 7 | _aالحواسيب. |
| 650 | 1 | 7 | _aبرامج الحاسوب. |
| 700 | 1 |
_aالعدوى، محمد إبراهيم _eمترجم. |
|
| 830 | 0 | _aملخصات شوم ايزي. | |
| 942 |
_2ddc _cBK |
||
| 999 |
_c33306 _d33306 |
||